House of Lords rules on lease extension under the 1993 Act (Record no. 79940)
[ view plain ]
| 000 -LEADER | |
|---|---|
| fixed length control field | 01303cad a22002055a 4500 |
| 001 - CONTROL NUMBER | |
| control field | L142786 |
| 008 - FIXED-LENGTH DATA ELEMENTS--GENERAL INFORMATION | |
| fixed length control field | 080310u2008 xxk f 000 0 eng d |
| 035 ## - SYSTEM CONTROL NUMBER | |
| System control number | (Sirsi) u142786 |
| 041 0# - LANGUAGE CODE | |
| Language code of text/sound track or separate title | eng |
| 110 2# - MAIN ENTRY--CORPORATE NAME | |
| Corporate name or jurisdiction name as entry element | Leasehold Advisory Service |
| 9 (RLIN) | 3510 |
| 245 00 - TITLE STATEMENT | |
| Title | House of Lords rules on lease extension under the 1993 Act |
| Medium | [electronic resource] |
| 260 ## - PUBLICATION, DISTRIBUTION, ETC. | |
| Date of publication, distribution, etc. | 2008 |
| 520 ## - SUMMARY, ETC. | |
| Summary, etc. | Reports on a case (L142785) considering a residential tenant's application to extend the lease of his flat. This was the first case decided by the House of Lords under the Leasehold Reform, Housing and Urban Development Act 1993. The landlords argued that they intended to reconstruct part of the flat and so the exception in section 47 of the Act applied. The definition of a premises in which the flat is contained was crucial. It was held, in favour of the tenant, that the remainder of the premises should be an objectively realisable physical space. |
| 590 ## - LOCAL NOTE (RLIN) | |
| Local note | KA |
| 650 24 - SUBJECT ADDED ENTRY--TOPICAL TERM | |
| Topical term or geographic name entry element | LEASEHOLD REFORM, HOUSING AND URBAN DEVELOPMENT ACT 1993 S47 |
| 651 #4 - SUBJECT ADDED ENTRY--GEOGRAPHIC NAME | |
| Geographic name | England and Wales |
| Chronological subdivision | 1543- |
| 690 ## - LOCAL SUBJECT ADDED ENTRY--TOPICAL TERM (OCLC, RLIN) | |
| Topical term or geographic name as entry element | PROPERTY-RESIDENTIAL PROPERTY-RESIDENTIAL LANDLORD AND TENANT-RESIDENTIAL LEASES-RESIDENTIAL LEASE RENEWAL |
| 856 40 - ELECTRONIC LOCATION AND ACCESS | |
| Uniform Resource Identifier | <a href="https://www.lease-advice.org/">https://www.lease-advice.org/</a> |
| Public note | View the article free of charge at www.lease-advice.org... |
| 942 ## - ADDED ENTRY ELEMENTS (KOHA) | |
| Suppress in OPAC | 0 |
| Withdrawn status | Lost status | Source of classification or shelving scheme | Damaged status | Not for loan | Home library | Current library | Shelving location | Date acquired | Total Checkouts | Full call number | Barcode | Date last seen | Copy number | Price effective from | Koha item type |
|---|---|---|---|---|---|---|---|---|---|---|---|---|---|---|---|
| Dewey Decimal Classification | Virtual | Virtual | Online | 10/03/2008 | ONLINE PUBLICATION | 142786-1001 | 06/08/2019 | 1 | 06/08/2019 | Journal article |